| 000 | 00853nam0a22002411 4500 | ||
|---|---|---|---|
| 001 | rc\15244 | ||
| 005 | 20260409063305.0 | ||
| 035 | _a(NLR Aleph) 005303512 | ||
| 090 |
_a6313278 _c6313278 |
||
| 100 | _a20021204d1992 |||y0rusy50 ca | ||
| 101 | 0 | _arus | |
| 102 | _aRU | ||
| 105 | _ay ||||||||| | ||
| 200 | 1 |
_aАрбитражный процессуальный кодекс Российской Федерации _fУчеб.-науч. произв. предприятие "Альянс" |
|
| 210 |
_aМ. _cБ. и. _d1992 |
||
| 215 |
_a59 с. _d20 |
||
| 740 | 1 |
_aРоссийская Федерация _tЗаконы _iАрбитражный процессуальный кодекс _3RU\NLR\AUTH\880379475 _9425334 |
|
| 801 | 0 |
_aRU _bNLR _gpsbo |
|
| 801 | 1 |
_aRU _bELAR _2rusmarc |
|
| 852 |
_aNLR _j92-4/3777 |
||
| 942 | _cBOOK | ||
| 980 | _aNB | ||